000 00486nam a2200169Ia 4500
999 _c12101
_d12101
003 OSt
005 20201014143704.0
008 190216s9999||||xx |||||||||||||| ||und||
040 _coclc
082 _a822.33
_bTIL/S
100 _aTillyard, E M W
_95084
245 0 _aShakespeare`s History Plays /
_cE M W Tillyard
260 _bPenguin Books,
_c1966.
_aAustrlia:
300 _a346p
650 _aEnglish Drama
942 _cBK
_2ddc
_h822.33
_iTIL/S
_k822.33
_mTIL/S